<?xml version="1.0" encoding="UTF-8"?>
<marc:record xmlns:marc="http://www.loc.gov/MARC21/slim">
   <marc:leader>00000nam a2200000 a 4500</marc:leader>
   <marc:datafield ind1="1" ind2=" " tag="100">
      <marc:subfield code="a">Hagenkötter, Ann-Marie</marc:subfield>
      <marc:subfield code="4">aut</marc:subfield>
      <marc:subfield code="e">Verfasser/-in</marc:subfield>
   </marc:datafield>
   <marc:datafield ind1=" " ind2=" " tag="653">
      <marc:subfield code="a">Ziegenhaltung</marc:subfield>
   </marc:datafield>
   <marc:datafield ind1=" " ind2=" " tag="653">
      <marc:subfield code="a">Artgerechte Haltung</marc:subfield>
   </marc:datafield>
   <marc:datafield ind1=" " ind2=" " tag="653">
      <marc:subfield code="a">Ziegen</marc:subfield>
   </marc:datafield>
   <marc:datafield ind1=" " ind2=" " tag="653">
      <marc:subfield code="a">Nutztiere</marc:subfield>
   </marc:datafield>
   <marc:datafield ind1=" " ind2=" " tag="653">
      <marc:subfield code="a">Softcover / Ratgeber/Natur/Hobbytierhaltung</marc:subfield>
   </marc:datafield>
   <marc:datafield ind1=" " ind2=" " tag="653">
      <marc:subfield code="a">Ratgeber</marc:subfield>
   </marc:datafield>
   <marc:datafield ind1="0" ind2="0" tag="245">
      <marc:subfield code="a">Ziegen</marc:subfield>
   </marc:datafield>
   <marc:datafield ind1="0" ind2="0" tag="245">
      <marc:subfield code="b">treue Freunde mit Köpfchen</marc:subfield>
   </marc:datafield>
   <marc:datafield ind1="0" ind2="0" tag="245">
      <marc:subfield code="c">Ann-Marie Hagenkötter</marc:subfield>
   </marc:datafield>
   <marc:datafield ind1=" " ind2="1" tag="264">
      <marc:subfield code="a">Schwarzenbek</marc:subfield>
      <marc:subfield code="b">Cadmos-Verl.</marc:subfield>
      <marc:subfield code="c">2012</marc:subfield>
   </marc:datafield>
   <marc:datafield ind1="1" ind2=" " tag="520">
      <marc:subfield code="a">Angaben aus der Verlagsmeldung

Ziegen : Treue Freunde mit Köpfchen / von Ann-Marie Hagenkötter

Ziegen sind schön, einfallsreich und die Clowns der Natur–alles andere also als dumme Haustiere, als die sie manchmal gelten. Mit ein wenig Grundlagenwissen lassen sich Ziegen auch auf kleineren Flächen artgerecht halten, und der Ziegenbesitzer kann sehr viel Freude an seinen besonderen Schützlingen haben. Ann-Marie Hagenkötter, die selbst viele Jahre Erfahrung in der Ziegenhaltung mitbringt, stellt in diesem Buch alles Wissenswerte rund um die Bedürfnisse der Ziegen hinsichtlich Haltung, Fütterung und Beschäftigung zusammen. Wer sich auf die sensiblen tierischen Partner einstellt, kann sich einer harmonischen Beziehung zu einem treuen Freund sicher sein.
Neben wichtigen Informationen zur Anschaffung, artgerechten Unterbringung, Versorgung und Pflege gibt das Buch viele Tipps zur gemeinsamen Freizeitgestaltung, die von kleinen Spielen über ausgedehnte Wandertouren bis hin zum Gespannfahren mit Ziegen reichen.
</marc:subfield>
   </marc:datafield>
   <marc:datafield ind1=" " ind2=" " tag="020">
      <marc:subfield code="a">9783840430190</marc:subfield>
      <marc:subfield code="9">9783840430190</marc:subfield>
   </marc:datafield>
   <marc:datafield ind1=" " ind2=" " tag="300">
      <marc:subfield code="a">79 S.</marc:subfield>
   </marc:datafield>
</marc:record>
